Normal view
MARC view
- Signal Processing-Digital Techiniues.Digital Design of Signal Processing Systems; A Practical Approach
Entry Topical Term
001 - CONTROL NUMBER
- control field: 69565
003 - CONTROL NUMBER IDENTIFIER
- control field: NUST
005 - DATE AND TIME OF LATEST TRANSACTION
- control field: 20210628204244.0
008 - FIXED-LENGTH DATA ELEMENTS
- fixed length control field: 210628|| aca||aabn | a|a d
040 ## - CATALOGING SOURCE
- Original cataloging agency: NUST
- Transcribing agency: NUST
150 ## - HEADING--TOPICAL TERM
- Topical term or geographic name entry element: Signal Processing-Digital Techiniues.Digital Design of Signal Processing Systems; A Practical Approach
670 ## - SOURCE DATA FOUND
- Source citation: Work cat.: (NUST): Khan, Shoab Ahmed 69430, Digital design of signal processing systems; A Practical approach, 2011
